000 00285nam a2200109Ia 4500
008 190216s9999||||xx |||||||||||||| ||und||
100 _aGovindan
245 0 _aCommunisathil Ninnum Munnoot
260 _bSahithya Pravarthaka Sahakarana Sangam
650 _aMalayalam Essays
942 _cBK
999 _c23975
_d23975